Footballers by country - Statistics

General Stats
  • This quiz has been taken 70 times
  • The average score is 14 of 15
Answer Stats
Hint Answer % Correct
Lionel Messi Argentina
100%
Luka Modric Croatia
98%
Erling Haaland Norway
98%
Bruno Fernandes Portugal
98%
Rodri Spain
98%
Alisson Becker Brazil
97%
Kevin De Bruyne Belgium
95%
James Rodriguez Colombia
95%
Paul Pogba France
95%
Gianluigi Buffon Italy
95%
Tim Howard USA
91%
Dominik Szoboszlai Hungary
86%
Riyad Mahrez Algeria
84%
Khvicha Kvaratskhelia Georgia
84%
Jay-Jay Okocha Nigeria
84%
No matching quizzes found
Score Distribution
Percent of People with Each Score
Percentile by Number Answered
Your Score History
You have not taken this quiz